Catalog

Record Details

Catalog Search



Available copies

  • 3 of 3 copies available at LARL/NWRL Consortium.
  • 1 of 1 copy available at Lake Agassiz Regional Library. (Show preferred library)

Current holds

0 current holds with 3 total copies.

Show Only Available Copies
Location Call Number / Copy Notes Barcode Shelving Location Status Due Date
Moorhead Public Library KHO (Text) 33500008821068 Main Available -
Godel Memorial-Warren Library KHO (Text) 35500003718895 Main Available -
Roseau Public Library KHO (Text) 35500003718887 Main Available -

Record details

  • ISBN: 9780525949411
  • ISBN: 0525949410
  • Physical Description: 406 p. ; 24 cm.
  • Publisher: New York, NY : Dutton, 2006.

Content descriptions

Summary, etc.:
When a Vatican exhibit attended by archaeologist ... Read More
Subject: United States. Federal Bureau of Investigation > Officials and employees > Fiction.
Women archaeologists > Fiction.
Theft from museums > New York (State) > New York > Fiction.
Genre: Mystery fiction.
LDR 02032cam a2200421 a 4500
00165627
003LARL_NWRL_CONSORTIUM
00520101019115855.0
008071231r20062005nyu 000 1 eng
010 . ‡a2007282753
020 . ‡a9780525949411
020 . ‡a0525949410
035 . ‡a(OCoLC)62866704
040 . ‡aDLC ‡cDLC ‡dEYP ‡dIH9 ‡dIBI ‡dBAKER ‡dIXA ‡dBTCTA ‡dYDXCP ‡dJBO ‡dJTC
043 . ‡an-us-ny ‡an-us---
05000. ‡aPR6111.H68 ‡bL37 2006
08204. ‡a823/.92 ‡222
1001 . ‡aKhoury, Raymond. ‡0(LARL_NWRL_CONSORTIUM)220493
24514. ‡aThe last Templar ‡n#1 / ‡cRaymond Khoury.
260 . ‡aNew York, NY : ‡bDutton, ‡c2006.
300 . ‡a406 p. ; ‡c24 cm.
4900 . ‡aLast templar ; ‡v1
520 . ‡aWhen a Vatican exhibit attended by archaeologist Tess Chaykin is stormed by four masked horsemen dressed as Templar Knights who steal a particular artifact, FBI anti-terrorist specialist Sean Reilly teams up with Tess for an investigation.
61010. ‡aUnited States. ‡bFederal Bureau of Investigation ‡xOfficials and employees ‡vFiction.
650 0. ‡aWomen archaeologists ‡vFiction. ‡0(LARL_NWRL_CONSORTIUM)167982
650 0. ‡aTheft from museums ‡zNew York (State) ‡zNew York ‡vFiction.
655 7. ‡aMystery fiction. ‡2gsafd
77608. ‡iOnline version: ‡aKhoury, Raymond. ‡tLast Templar. ‡dNew York, NY : Dutton, 2006 ‡w(OCoLC)607686128
77608. ‡iOnline version: ‡aKhoury, Raymond. ‡tLast Templar. ‡dNew York, NY : Dutton, 2006 ‡w(OCoLC)607855312
948 . ‡hHELD BY LAL - 1888 OTHER HOLDINGS
994 . ‡aZ0 ‡bLAL
901 . ‡a65627 ‡bOCLC ‡c65627 ‡tbiblio

Additional Resources